Statistics for South America Flags

Click here to take the quiz!

General Stats

  • This quiz has been taken 10,250 times
    (10,237 since last reset)
  • The average score is 11 of 12

Answer Stats

Answer% Correct
Argentina
99%
Brazil
99%
Chile
95%
Colombia
94%
Uruguay
92%
Venezuela
89%
Ecuador
87%
Paraguay
86%
Peru
86%
Bolivia
84%
Guyana
82%
Suriname
80%

Score Distribution

Percentile by Number Answered

Percent of People with Each Score

Your Score History

You have not taken this quiz since the last reset